Statistics for US J & K Geography

Click here to take the quiz!

General Stats

  • This quiz has been taken 32 times
  • The average score is 7 of 12

Answer Stats

Answer% Correct
Plains state known as 'The Sunflower State'?Kansas
97%
State capital of Alaska?Juneau
97%
Florida's southernmost point 90 miles from Cuba?Key West
93%
State capital of Missouri?Jefferson City
83%
Southern Californian National Park known for it's namesake yucca trees?Joshua Tree
69%
New Jersey suburb of New York City and the state's second largest city?Jersey City
62%
North Carolina town famous for Wright Brothers first flight?Kittyhawk
62%
First state capital of Tennessee and state's third largest city?Knoxville
52%
Southern Alaskan island which is the second largest in USA?Kodiak
38%
Third largest city in Illinois?Joliet
31%
Virginia river that passes by Richmond and flows into the Chesapeake Bay?James River
17%
Californian National Park that contains picturesque glacier carved valley?Kings Canyon
3%

Score Distribution

Percentile by Number Answered

Percent of People with Each Score

Your Score History

You have not taken this quiz